000 00967nam a2200241 a 4500
001 48784
003 BD-RjUL
005 20211209054602.0
008 160816s2007 BG |||| |||| 00| 0 ben d
020 _c:TK. 150.00
035 _a(BD-RjUL)48903
040 _aBD-RjUL
_bben
_cBD-RjUL
041 _aben
082 _223
_a891.44109
_bBAR 2007
100 1 _aবালা, অমৃতলাল
_9147021
245 1 0 _aরবীন্দ্র কাব্যের শেষপর্ব /
_cঅমৃতলাল বালা এবং ঊষা রানী সরকার
260 _aঢাকা :
_bসাহিত্য বিলাস,
_c২০০৭
300 _a১২৭ পৃ ;
_c২১ সেমি.
650 _aবাংলা কবিতা
_9146440
_xইতিহাস ও সমালোচনা
650 _aBengali Poetry
_9146441
_xHistory and Criticism
700 _aসরকার, ঊষা রানী
_9147109
942 _2ddc
_cBK
999 _c48784
_d48784